The Business Communication Handbook / (Record no. 362218)
[ view plain ]
| 000 -LEADER | |
|---|---|
| fixed length control field | 00469nam a2200145Ia 4500 |
| 008 - FIXED-LENGTH DATA ELEMENTS--GENERAL INFORMATION | |
| fixed length control field | 190925s9999 xx 000 0 und d |
| 020 ## - INTERNATIONAL STANDARD BOOK NUMBER | |
| International Standard Book Number | 978-1-4425-0266-6 |
| 100 ## - MAIN ENTRY--PERSONAL NAME | |
| Personal name | Dwyer, Judith |
| 245 ## - TITLE STATEMENT | |
| Statement of responsibility, etc | Judith Dwyer.-- |
| Title | The Business Communication Handbook / |
| 250 ## - EDITION STATEMENT | |
| Edition statement | 8th ed. |
| 260 ## - PUBLICATION, DISTRIBUTION, ETC. (IMPRINT) | |
| Place of publication, distribution, etc | Australia : |
| Name of publisher, distributor, etc | Pearson Education Australia |
| Date of publication, distribution, etc | 2009 |
| 300 ## - PHYSICAL DESCRIPTION | |
| Extent | 598 pages : |
| Other physical details | black & white graphs |
| 500 ## - GENERAL NOTE | |
| General note | Includes glossary and index. |
| 650 ## - SUBJECT ADDED ENTRY--TOPICAL TERM | |
| Topical term or geographic name as entry element | Business communication. |
| Withdrawn status | Lost status | Source of classification or shelving scheme | Damaged status | Home library | Current library | Shelving location | Date acquired | Source of acquisition | Total Checkouts | Total Renewals | Full call number | Barcode | Date last seen | Date checked out | Price effective from | Koha item type |
|---|---|---|---|---|---|---|---|---|---|---|---|---|---|---|---|---|
| Library of Congress Classification | Southville International School Affiliated with Foreign Universities Library | Southville International School Affiliated with Foreign Universities Library | Southville Foreign University Section | 09/25/2019 | Donation | 2 | 2 | HF 5718 .D993 2009 | SFU0111 | 11/08/2019 | 11/08/2019 | 09/25/2019 | Books |